000 00759nam a2200277Ia 4500
005 20250425162314.0
008 250425s9999 xx 000 0 und d
020 _a997831007X
041 _aspa
082 _a560
100 _aXOMCHUK, IRINA
245 0 _aPUYANGO: ENTRE PASADO Y PRESENTE. ESTUDIO DE VALORACION DEL BOSQUE PETRIFICADO DE PUYANGO, PROVINCIA DE LOJA, ECUADOR
250 _aS.E.
260 _aEcuador
_bESPOL
_c2004
260 _aGUAYAQUIL
300 _a64
650 _aBOSQUE PETRIFICADO
650 _aMICROPALEONTOLOGIA
650 _aPALEONTOLOGIA
650 _aPALEONTOLOGIA ESTATIGRAFICA
650 _aPATRIMONIO
700 _aJIMÉNEZ, NELSON
700 _aVALVERDE, FLOR DE MARIA
942 _c01
010 _a60485
999 _c226494
_d226494